000 01067nam a2200169 4500
003 OSt
005 20241015152228.0
007 ta
008 241015b |||||||| |||| 00| 0 fre d
020 _a9782290306789
040 _cautismepaimpol.fr
100 _aCollectif (auteur)
_qJudy et Sean BARRON
245 _aMoi, l'enfant autiste ; de l'isolement à l'épanouissement
260 _bJ'ai Lu
_c13/04/2000
520 _aQuand Judy et Ron, son mari, apprirent que leur fils Sean était autiste, aucun espoir de guérison ne leur fut exprimé. Ils ont pourtant réussi à renouer le dialogue avec leur fils et à l'ouvrir au monde. Judy et Sean, qui travaille aujourd'hui comme employé dans un centre de rééducation, témoignent de leur expérience.
_bUne biographie a deux voix. Une mère raconte l'évolution de son enfant autistique, à partir des notes d'un journal rédigé au cours des années; l'enfant autistique devenu adulte (il est né en 1961) raconte ses souvenirs et son cheminement. Des éléments de son texte sont intégrés au récit.
942 _cLIVR
999 _c127
_d127